Online
Catalog

Cuatro comedias / (Record no. 35953)

MARC details
000 -CABECERA
campo de control de longitud fija 00668nam a2200193 a 4500
001 - NÚMERO DE CONTROL
campo de control 000036462
005 - FECHA Y HORA DE LA ÚLTIMA TRANSACCIÓN
campo de control 20200930075738.0
008 - DATOS DE LONGITUD FIJA--INFORMACIÓN GENERAL
campo de control de longitud fija 120118s1972 mx 000 0 spa d
040 ## - FUENTE DE LA CATALOGACIÓN
Centro catalogador/agencia de origen DO-SdBNP
Lengua de catalogación spa
Centro/agencia transcriptor BNPHU
082 ## - NÚMERO DE LA CLASIFICACIÓN DECIMAL DEWEY
Número de clasificación xxxx
Número de documento/Ítem R934c
100 1# - ENTRADA PRINCIPAL--NOMBRE DE PERSONA
Nombre de persona Ruíz de Alarcón, Juan
9 (RLIN) 62680
245 10 - MENCIÓN DE TÍTULO
Título Cuatro comedias /
Mención de responsabilidad, etc. Juan Ruíz Alarcón ; estudio, texto y comentarios de Antonio Castro Leal.
250 ## - MENCIÓN DE EDICIÓN
Mención de edición 8a ed.
260 ## - PUBLICACIÓN, DISTRIBUCIÓN, ETC.
Lugar de publicación, distribución, etc. México :
Nombre del editor, distribuidor, etc. Porrúa,
Fecha de publicación, distribución, etc. 1972.
300 ## - DESCRIPCIÓN FÍSICA
Extensión 206 p ;
Dimensiones 22 cm.
490 1# - MENCIÓN DE SERIE
Mención de serie "Sepan cuantos..."
Designación de volumen o secuencia 10
505 0# - NOTA DE CONTENIDO CON FORMATO
Título Las paredes oyen --
-- La verdad sospechosa --
-- Los pechos privilegiados --
-- Ganar amigos
830 #0 - PUNTO DE ACCESO ADICIONAL DE SERIE-TÍTULO UNIFORME
Título uniforme "Sepan cuantos..."
Designación de volumen o secuencia 10
9 (RLIN) 12886
Holdings
Estado de retiro Estado de pérdida Restricciones de uso No para préstamo Código de colección Localización permanente Ubicación/localización actual Ubicación en estantería Fecha de adquisición Número de inventario Total de préstamos Signatura topográfica completa Código de barras Fecha visto por última vez Precio válido a partir de Tipo de ítem Koha
      Excluido de préstamo Monografías: Libros y Folletos General General En catalogación 18.01.2012 LF1   xxxx R934c 36463-10 25.06.2020 25.06.2020 No se presta

Powered by Koha